000 00547nam a2200181Ia 4500
008 090201s9999 xx 000 0 und d
010 _aKPL-68694
040 _bमराठी
041 _aमराठी
082 _a47201
_b68694
100 _aएस्. एम्. जोशी
245 _aमी एस.एम
_cएस्. एम्. जोशी
250 _a3
260 _c2003
_bकॉन्टिनेन्टल प्रकाशन
300 _a449
_bमध्यम
600 _aमी एस.एम
942 _cBOOK
999 _c243920
_d243920